| 000 | 00507nam a2200205Ia 4500 | ||
|---|---|---|---|
| 008 | 210210b2011 xxu||||| |||| 00| 0 eng d | ||
| 020 | _a9788131604007 | ||
| 041 | _aeng | ||
| 082 | _a306 SHAC | ||
| 100 | _aSHARMA (K L) | ||
| 245 | _aCulture, stratification and development | ||
| 260 |
_aJaipur _bRawat Publications _c2011 |
||
| 300 | _axxi,270 | ||
| 650 | _astratification | ||
| 650 | _adevelopment | ||
| 650 | _aCulture, | ||
| 650 | _aand | ||
| 690 | _aSocial Stratification | ||
| 906 | _a066084 | ||
| 999 |
_c146932 _d146932 |
||